00599nam a22001697a 450000500170000001000150001702000270003203500140005903700090007308200130008224501390009526000560023427000590029030000200034970000270036970000330039620251216112337.0 aENG-147307 a9788194530534c1200.00 aEN-130839 bDBAD a658.321 aBuilding sustainability in India's North Eastern : bchallenges and opportunities /cEdited by - Sabyasachi Mahanta [and] Rimjim Borah aAssambGargaon Collega, Simaluguri Sivasagarc2025 aGurgaon College, Simaluguri Sivasagar, bAssame785686 a301p.c22cm(hb) aBorah, Rimjim eEditor aMahanta, Sabyasachi eEditor